|
|
|
|
| LEADER |
00000nam0a2200000 4500 |
| 001 |
122460 |
| 005 |
20231031130030.0 |
| 010 |
|
|
|a 9785769542817
|
| 035 |
|
|
|a (RuTPU)RU\TPU\book\132589
|
| 035 |
|
|
|a RU\TPU\book\60392
|
| 090 |
|
|
|a 122460
|
| 100 |
|
|
|a 20031024d2007 m y0rusy50 ca
|
| 101 |
0 |
|
|a rus
|
| 102 |
|
|
|a RU
|
| 105 |
|
|
|a a j 001zy
|
| 200 |
1 |
|
|a Электроснабжение объектов
|e учебное пособие для среднего профессионального образования
|f Е. А. Конюхова
|
| 205 |
|
|
|a 4-е изд., стер.
|
| 210 |
|
|
|a Москва
|c Мастерство
|d 2007
|
| 215 |
|
|
|a 320 с.
|c ил.
|
| 225 |
1 |
|
|a Среднее профессиональное образование. Электротехника
|
| 320 |
|
|
|a Библиогр.: с. 311.
|
| 330 |
|
|
|a Рассмотрено электроснабжение промышленных и коммунально-бытовых объектов. Приведены начальные сведения об электроэнергетических системах и организации взаимоотношений между питающей энергосистемой и потребителями. Описаны конструктивное выполнение электрических сетей и подстанций различных номинальных напряжений; основное оборудование электрических сетей и подстанций; принципы расчетов режимов электрических сетей; автоматизация и релейная защита, определение расчетных нагрузок; расчет токов коротких замыканий; выбор оборудования; компенсация реактивной мощности и качество электроэнергии. Для студентов средних профессиональных учебных заведений. Может быть полезно инженерно-техническим работникам.
|
| 451 |
|
1 |
|0 (RuTPU)RU\TPU\book\60392
|y 5-294-00063-6
|t Электроснабжение объектов
|o учебное пособие
|f Е. А. Конюхова
|c М.
|n Мастерство
|d 2002
|p 320 с.
|s Среднее профессиональное образование
|a Конюхова, Елена Александровна
|
| 610 |
1 |
|
|a электроэнергетика
|
| 610 |
1 |
|
|a электроснабжение
|
| 610 |
1 |
|
|a нейтрали
|
| 610 |
1 |
|
|a режимы работы
|
| 610 |
1 |
|
|a электрические сети
|
| 610 |
1 |
|
|a электрические подстанции
|
| 610 |
1 |
|
|a электрические соединения
|
| 610 |
1 |
|
|a электрооборудование
|
| 610 |
1 |
|
|a схемы
|
| 610 |
1 |
|
|a расчетные нагрузки
|
| 610 |
1 |
|
|a электроэнергия
|
| 610 |
1 |
|
|a реактивная мощность
|
| 610 |
1 |
|
|a короткие замыкания
|
| 610 |
1 |
|
|a силовые трансформаторы
|
| 610 |
1 |
|
|a релейная защита
|
| 610 |
1 |
|
|a автоматизация
|
| 610 |
1 |
|
|a учебные пособия
|
| 675 |
|
|
|a 621.31.031(075.32)
|v 3
|
| 700 |
|
1 |
|a Конюхова
|b Е. А.
|g Елена Александровна
|
| 801 |
|
1 |
|a RU
|b 63413507
|c 20071004
|g PSBO
|
| 801 |
|
2 |
|a RU
|b 63413507
|c 20201007
|g PSBO
|
| 900 |
|
|
|a Электроснабжение
|
| 900 |
|
|
|a Электроснабжение и электрооборудование промпредприятий
|
| 900 |
|
|
|a Электроснабжение предприятий
|
| 900 |
|
|
|a Электроснабжение промышленных предприятий
|
| 900 |
|
|
|a Потребители электрической энергии
|
| 900 |
|
|
|a Основы электроснабжения
|
| 900 |
|
|
|a Внутризаводское электроснабжение и режимы
|
| 942 |
|
|
|c BK
|
| 952 |
|
|
|b 140211
|
| 959 |
|
|
|a 67/20070927
|d 30
|e 159,50
|f АНЛ:1
|f ЧЗТЛ:1
|f УФ:28
|